| 000 | 00911nam a22002417a 4500 | ||
|---|---|---|---|
| 005 | 20111226101739.0 | ||
| 008 | 111226t xxu||||| |||| 00| 0 eng d | ||
| 010 | _aENG-104491 | ||
| 020 |
_a9788178358161 _c750.00 |
||
| 035 | _aEN-88024 | ||
| 037 | _bDBAD/PUB | ||
| 040 |
_aDPL _bEng |
||
| 082 | _a627.80973 | ||
| 100 | _937371 | ||
| 245 | 0 | 0 |
_aEconomics of river flows : _cedited by Bharat Jhunjhunwala _blessons from dam removals in America / |
| 260 |
_aDelhi _bKalpaz Publications _c2010 |
||
| 270 |
_aC-30, Satyawati Nagar, _b Delhi _e110052 |
||
| 300 |
_a311p. _c22cm (Hb) |
||
| 500 | _aIncludes bibliographical references and index | ||
| 700 |
_aJhunjhunwala, Bharat _937565 |
||
| 942 |
_2ddc _cEN _mECO _h627.80973 |
||
| 999 |
_c59960 _d59960 |
||